| 000 | 00499nam a22001577a 4500 | ||
|---|---|---|---|
| 999 |
_c9189 _d9189 |
||
| 008 | 210326b ||||| |||| 00| 0 eng d | ||
| 040 | _aBMS College of Architecture | ||
| 100 | _aVarma, Ashita | ||
| 245 | _aWorld business centre at electronic city Bangalore | ||
| 300 | _a52p. | ||
| 500 | _a1BM99t048 | ||
| 502 |
_8B.Arch _NBMS College of Architecture, Visvesvaraya Technological University _aProject report _d2009 |
||
| 650 | _aElectronic city | ||
| 700 |
_aSatish Rao _eGuide |
||
| 942 |
_2ddc _cTHE |
||